Sports Quiz

Random Sports or WWE Quiz

Royal Rumble Winners Quiz Stats

 Plays Quiz Updated Feb 1, 2021

Support Sporcle.
Go Orange.
Score 0/38 Timer 06:00
70 Plays Today
Year Winner % Correct
2021 (Men's)Edge
93.2%
2013John Cena
92.5%
2016Triple H
92.1%
2008John Cena
90.6%
2002Triple H
90.4%
1997Steve Austin
90.3%
1998Steve Austin
90.3%
2001Steve Austin
90.3%
2017Randy Orton
89%
2007The Undertaker
88.9%
2020 (Women's)Charlotte Flair
88.5%
1990Hulk Hogan
87.8%
1991Hulk Hogan
87.8%
2000The Rock
87.3%
1995Shawn Michaels
86.7%
1996Shawn Michaels
86.7%
2015Roman Reigns
86.1%
2019 (Men's)Seth Rollins
85.6%
2014Batista
84.8%
Year Winner % Correct
2019 (Women's)Becky Lynch
81.7%
2020 (Men's)Drew McIntyre
81.6%
2005Batista
79.5%
2009Randy Orton
79%
2018 (Women's)Asuka
77.6%
2006Rey Mysterio
77%
2021 (Women's)Bianca Belair
76.8%
2012Sheamus
76.2%
1992Ric Flair
74.7%
1994Bret Hart, Lex Luger
73.2%
2018 (Men's)Shinsuke Nakamura
71.4%
2003Brock Lesnar
69.6%
2010Edge
69.2%
2004Chris Benoit
68.5%
1999Vince McMahon
68.5%
1988'Hacksaw' Jim Duggan
66.7%
1993Yokozuna
61.9%
2011Alberto Del Rio
60%
1989Big John Studd
55.3%

From the Vault

Candy Bonanza

by slipkid

9 out of 10 dentists agree that this quiz is good for business.
Remove Ads.
Support Sporcle.
Get the best of Sporcle when you Go Orange. This ad-free experience offers more features, more stats, and more fun while also helping to support Sporcle. Thank you for becoming a member.

Show Comments

Extras

Top Quizzes Today


Score Distribution

Your Account Isn't Verified!

In order to create a playlist on Sporcle, you need to verify the email address you used during registration. Go to your Sporcle Settings to finish the process.

Report this User

Report this user for behavior that violates our Community Guidelines.

Details: